Регионална библиотека "Любен Каравелов" - Русе

Лешникотрошачката (Запис номер 327065)

MARC детайли
000 -Лидер
Контролно поле с фиксирана дължина 01053nam a2200253 a 4500
003 - Код на организацията, давaща контролен номер
Контролно поле BLK
005 - Дата и час на последна редакция
Контролно поле 20250612144218.0
008 - Елементи от данни с фиксирана дължина
fixed length control field 181203b bu ||||| |||| 00| 0 bu d
020 ## - Международен стандартен номер на книга ISBN
Международен стандартен номер на книга ISBN 9786191930593
040 ## - Източник на каталожния запис
Идентификатор на билиотеката - собственик на записа BLK
041 ## - Код за език
Код за езика на текст/звукозапис или на отделно заглавие Български
Код за езика КДБФ Други
080 ## - УДК
Текстов определител УДК Испанска литература
УДК код - определител по УДК 821.134.2
УДК определител (82)-93-91-34
УДК - код + определител 821.134.2(82)-93-91-34
100 ## - Редна дума - Автор
Автор Докампо, Валерия
Авторска отговорност първи автор
R(LIN) 1299
139 ## - Редно поле
Редна дума Докампо, Валерия
Авторски знак Док - Д 72
245 ## - Сведения за заглавието
Заглавие Лешникотрошачката
Редно поле (дума) Валерия Докампо; прев. Йоана Гацова ; ил. Валерия Докампо
257 ## - Страна на издаване
Страна на създаване/издаване България
260 ## - Област на издателските данни
Място на издаване, разпространение и проч. София
Име на издателя, разпространителя и проч. Артлайн Студиос
Година на издаване 2016
Информация за издателството Студио Арт Лайн
Издателство - префикс ISBN 978-619-193- ; 978-954-2908-
300 ## - Физическа характеристика
Страници 40 с.
Размери/Мащаб 29 см
Илюстрации и др. с ил.
380 ## - Жанр
Жанр Детска худож. лит.
700 ## - Други автори (авторска отговорност)
Лично име Гацова, Йоана Пламенова
Друга информация Преводач от английски език
9 (RLIN) 341786
999 ## - СИСТЕМНИ КОНТРОЛНИ НОМЕРА
Koha biblionumber 327065
Koha biblioitemnumber 327065
942 ## - АРТИКУЛИ
Вид на библиотечния материал Книги
Скрит в OPAC Не
Koha issues (borrowed), all copies 88
Периодичен библиозапис Да
999 ## - СИСТЕМНИ КОНТРОЛНИ НОМЕРА
Koha biblioitemnumber 327065
944 ## - СЪЗДАВАНЕ И РЕДАКЦИЯ на ЗАПИСА
Служител, извършил регистрацията/редакцията 30564
Статус, дата на статуса Анна Гръцманова
Наличности
Код за отписване Код за изгубен артикул Източник на класификационната схема Код за повреда Коз за рестрикции Код за отдаване Артикулен № Име на библиотеката - собственик Име на библиотеката, в която се намира в момента Статус (Текущо местоположение) Дата на вписване в системата Местоположение - отдел Цена в лева Инвентарен номер Систематично азбучна сигнатура Баркод Цена в евро Служебен тип на артикула
  Не е изгубен Universal Decimal Classification Не е повреден без рестрикции заемане за дома 684034 Регионална библиотека "Любен Каравелов" Русе Регионална библиотека "Любен Каравелов" Русе Детски отдел 2018-12-04 Детски отдел 8.40 120000826420 ДХ 820/899/Д 72 120000826420 4.29 Книги
  Не е изгубен Universal Decimal Classification Не е повреден без рестрикции заемане за дома 799719 Регионална библиотека "Любен Каравелов" Русе Регионална библиотека "Любен Каравелов" Русе Детски отдел 2020-09-18 Детски отдел 9.89   821-93/Д 72 В 120000847113 5.06 Книги
  Не е изгубен Universal Decimal Classification Не е повреден без рестрикции заемане за дома 799720 Регионална библиотека "Любен Каравелов" Русе Регионална библиотека "Любен Каравелов" Русе Детски отдел 2020-09-18 Детски отдел 9.89   821-93/Д 72 В 120000847115 5.06 Книги
  Не е изгубен Universal Decimal Classification Не е повреден без рестрикции заемане за дома 799721 Регионална библиотека "Любен Каравелов" Русе Регионална библиотека "Любен Каравелов" Русе Детски отдел 2020-09-18 Детски отдел 9.89   821-93/Д 72 В 120000847114 5.06 Книги
Vip Innovations Ltd, Rousse, Bulgaria 2025